[Event "Serbian-ch 29th"]
[Site "Sabac"]
[Date "1998.04.26"]
[Round "7"]
[White "Antic, Dejan"]
[Black "Markovic, Miroslav"]
[Result "1/2-1/2"]
[WhiteElo "2460"]
[BlackElo "2540"]

1.d4 Nf6 2.Nf3 g6 3.c4 Bg7 4.Nc3 O-O 5.e4 d6 6.Be2 e5 7.O-O Na6 8.Be3 Ng4
9.Bg5 Qe8 10.dxe5 dxe5 11.h3 h6 12.Bd2 Nf6 13.Be3 Qe7 14.a3 c6 15.b4 Nh5
16.c5 Nc7 17.Qd6 Qxd6 18.cxd6 Ne6 19.Rad1 Rd8 20.Rd2 Nhf4 21.Bc4 Bd7 22.Kh2 Rdc8
23.Rfd1 Kf8 24.g3 Nh5 25.Bxe6 fxe6 26.Ne1 b6 27.Nd3 g5 28.Nb2 Nf4 29.Nca4 Ng6
30.Nc4 Rd8 31.Nc3 Bf6 32.a4 Rdb8 33.Rb1 Bd8 34.Ra2 b5 35.axb5 cxb5 36.Na5 Rc8
37.Bc5 Ke8 38.Rba1 Bb6 39.Nb3 Rab8 40.Nd1 Bc6 41.f3 Rb7 42.Nf2 Rf7 43.Kg2 h5
44.Nd2 Bb7 45.Nd3 Rc6 46.Rc1 Rg7 47.Rac2 Rf7 48.g4 h4 49.Nb3 Rd7 50.Na5 Rcxd6
51.Bxd6 Rxd6 52.Nc5 Nf4+ 53.Kh2 Bc8 54.Nab3 Ke7 55.Rd2 Rxd2+ 56.Nxd2 Ne2
57.Re1 Nd4 58.Nd3 Bd7 59.Ra1 Kd6 60.Ra2 Bc8 61.Kg2 Bd7 62.Nc1 Bc8 63.Nd3  1/2-1/2

[Event "Zepter op"]
[Site "Minsk"]
[Date "1998.04.28"]
[Round "4"]
[White "Notkin, Maksim"]
[Black "Litvinov, Vladimir"]
[Result "0-1"]
[WhiteElo "2505"]
[BlackElo "2355"]

1.d4 Nf6 2.c4 g6 3.Nc3 Bg7 4.e4 O-O 5.Nf3 d6 6.Be2 e5 7.O-O Nbd7 8.Qc2 c6
9.d5 Nc5 10.b4 Na6 11.Rb1 cxd5 12.cxd5 Bd7 13.Be3 Ng4 14.Bg5 f6 15.Bd2 Qe7
16.Qb3 f5 17.h3 Nf6 18.Ng5 Nc7 19.f4 Nxe4 20.Ncxe4 fxe4 21.Rbc1 Bb5 22.Bxb5 Nxb5
23.Nxe4 exf4 24.Qd3 Qe5 25.Rce1 Qd4+ 26.Qxd4 Bxd4+ 27.Kh1 Be5 28.Rc1 h6 29.a4 Nd4
30.Rc7 b5 31.axb5 Nxb5 32.Rb7 Rab8 33.Rd7 Rbc8 34.Rb7 Rc4 35.Nf2 a6 36.Ng4 Bg7
37.Re1 Rc7 38.Re7 Rxb7 39.Rxb7 g5 40.Rb6 Rc8 41.Rc6 Rxc6 42.dxc6 Kh7 43.h4 Kg6
44.hxg5 hxg5 45.Kh2 Kf5 46.Kh3 Bd4 47.Be1 d5 48.Nh6+ Ke6 49.Kg4 Be3 50.g3 Nd4
51.c7 Kd7 52.Nf7 Nc2 53.Bc3 d4 54.Bb2 fxg3  0-1

[Event "Dresden zt"]
[Site "Dresden"]
[Date "1998.04.29"]
[Round "2"]
[White "Dautov, Rustem"]
[Black "Mohr, Georg"]
[Result "1-0"]
[WhiteElo "2600"]
[BlackElo "2455"]

1.d4 Nf6 2.Nf3 g6 3.c4 Bg7 4.Nc3 d6 5.e4 O-O 6.Be2 e5 7.O-O exd4 8.Nxd4 Re8
9.f3 c6 10.Kh1 Nh5 11.g4 Nf6 12.Be3 h5 13.g5 Nh7 14.Qd2 a5 15.Rad1 a4 16.Nc2 Qa5
17.Rg1 Be5 18.Bd4 Na6 19.f4 Bxd4 20.Qxd4 Nc5 21.f5 Nf8 22.Bf3 Ncd7 23.Qxd6 Ne5
24.Be2 b6 25.Ne3 Ra7 26.Qa3 Nfd7 27.Qd6 Nc5 28.a3 Nb3 29.Rgf1 Qc5 30.Qxc5 Nxc5
31.Kg2 Ba6 32.Rd6 Rd7 33.Rfd1 Kf8 34.Rxd7 Nexd7 35.Kf2 Ne5 36.Rd4 b5 37.cxb5 Bxb5
38.Nxb5 cxb5 39.Kg3 Nc6 40.Rd5 Nxe4+ 41.Kf4 Nxg5 42.Kxg5 Rxe3 43.Bxb5 Ne5
44.Kf4 Ng4 45.fxg6 fxg6 46.Bxa4 Re2 47.b4 Rxh2 48.Bc6 Nf6 49.Rd3 Rc2 50.b5 Rc5
51.a4 g5+ 52.Ke3 Rc4 53.a5 Ng4+ 54.Kd2 Ne5 55.a6 Ra4 56.Rd5 Nc4+ 57.Kc3 Nb6
58.Rxg5 Ke7 59.Rg6 h4 60.Bb7 Nd7 61.b6 Nc5 62.Bc8 Nxa6 63.Bxa6 Rxa6 64.b7 Rxg6
65.b8=Q h3 66.Qb7+ Kf8 67.Qc8+ Ke7 68.Qxh3 Rc6+ 69.Kd4 Kd8 70.Qh7 Rb6 71.Kd5 Ra6
72.Qg7 Rb6 73.Qf7 Ra6 74.Kc5 Kc8 75.Qe7 Ra3 76.Qe8+ Kc7 77.Qf7+ Kc8 78.Kb6  1-0

[Event "Zepter op"]
[Site "Minsk"]
[Date "1998.04.29"]
[Round "5"]
[White "Tunik, Gennady"]
[Black "Litvinov, Vladimir"]
[Result "1/2-1/2"]
[WhiteElo "2470"]
[BlackElo "2355"]

1.d4 d6 2.Nf3 g6 3.c4 Bg7 4.Nc3 Nf6 5.e4 O-O 6.Be2 e5 7.O-O Nbd7 8.Rb1 Re8
9.d5 Nc5 10.Nd2 a5 11.Qc2 Bh6 12.Nb3 Bxc1 13.Rbxc1 Nxb3 14.axb3 Bd7 15.Qd2 Qe7
16.Qe3 c5 17.dxc6 Bxc6 18.Nd5 Bxd5 19.cxd5 Rec8 20.Rc3 Rc7 21.Rfc1 Rac8 22.f3 Rxc3
23.bxc3 Nd7 24.Bb5 Rc5 25.Bxd7 Qxd7 26.b4  1/2-1/2

[Event "Zepter op"]
[Site "Minsk"]
[Date "1998.04.29"]
[Round "5"]
[White "Volzhin, Alexander"]
[Black "Khmelnitsky, Sergei"]
[Result "1/2-1/2"]
[WhiteElo "2510"]
[BlackElo "2420"]

1.d4 Nf6 2.Nf3 g6 3.c4 Bg7 4.Nc3 d6 5.e4 O-O 6.Be2 e5 7.d5 a5 8.Bg5 Na6 9.Nd2 Qe8
10.a3 Bd7 11.b3 h5 12.Rb1 Nh7 13.Be3 f5 14.f3 Qe7 15.b4 axb4 16.axb4 Bf6
17.c5 Bh4+ 18.g3 Bg5 19.Bf2 Nf6 20.c6 bxc6 21.dxc6 Be6 22.O-O Qf7 23.Qc2 Rfb8
24.Bb5 Bxd2 25.Qxd2 fxe4 26.Bxa6 Rxa6 27.b5 Ra3 28.Nxe4 Nxe4 29.fxe4 Rf3
30.Rfe1 Bc4 31.b6 cxb6 32.Qxd6 Re8 33.Bxb6 h4 34.Qd7 hxg3  1/2-1/2

[Event "Zepter op"]
[Site "Minsk"]
[Date "1998.05.02"]
[Round "8"]
[White "Rashkovsky, Nukhim N"]
[Black "Kovalev, Andrei"]
[Result "1-0"]
[WhiteElo "2505"]
[BlackElo "2440"]

1.d4 Nf6 2.c4 g6 3.Nc3 Bg7 4.e4 O-O 5.Nf3 d6 6.Be2 e5 7.O-O exd4 8.Nxd4 Re8
9.f3 c6 10.Kh1 a6 11.Nc2 b5 12.Bf4 d5 13.exd5 cxd5 14.cxb5 Nh5 15.Bc1 d4
16.Ne4 Bb7 17.Bd3 Qb6 18.Na3 axb5 19.Qb3 Ba6 20.Bd2 Nc6 21.Bxb5 Reb8 22.Bc4 Qd8
23.Nb5 Ne5 24.a4 Nxc4 25.Qxc4 Qd7 26.Nc5 Qc6 27.Rfc1 Rc8 28.Qd3 Qb6 29.Nxa6 Qxa6
30.b3 Be5 31.Rxc8+ Rxc8 32.Re1 Qf6 33.g4  1-0

[Event "RUS-ch (Women)"]
[Site "Elista"]
[Date "1998.05.03"]
[Round "5.3"]
[White "Prudnikova, Svetlana"]
[Black "Kovalevskaya, Ekaterina"]
[Result "1-0"]
[WhiteElo "2420"]
[BlackElo "2390"]

1.Nf3 Nf6 2.c4 g6 3.Nc3 Bg7 4.e4 d6 5.d4 O-O 6.Be2 e5 7.O-O Nbd7 8.Be3 c6
9.d5 c5 10.Ne1 a6 11.a3 Ne8 12.b4 b6 13.Nd3 f5 14.f3 f4 15.Bf2 g5 16.a4 a5
17.bxc5 bxc5 18.Rb1 h5 19.g4 fxg3 20.hxg3 Ndf6 21.Kg2 g4 22.f4 exf4 23.gxf4 g3
24.Bxg3 Ng4 25.Bxg4 Bxg4 26.Qe1 Qf6 27.Nb5 Rb8 28.f5 Qe7 29.Nf4 Rf7 30.Rh1 Bf6
31.Ng6 Qd7 32.Qf2 Bg5 33.Rbe1 Rb6 34.Bh4 Bh6 35.Rhf1 Ng7 36.Kh2 Kh7 37.Nf4 Nxf5
38.exf5 Qxf5 39.Ne6 Bf3 40.Qg3 Bd2 41.Rd1 Bh6 42.Rf2 Be3 43.Rdf1 Bxf2 44.Ng5+ Kg8
45.Rxf2 Rg7 46.Rxf3 Qc2+ 47.Rf2 Qxc4 48.Qf4  1-0

[Event "Zepter op"]
[Site "Minsk"]
[Date "1998.05.03"]
[Round "9"]
[White "Popov, Valerij"]
[Black "Zakharevich, Igor"]
[Result "1-0"]
[WhiteElo "2505"]
[BlackElo "2530"]

1.Nf3 Nf6 2.c4 g6 3.Nc3 Bg7 4.d4 O-O 5.e4 d6 6.Be2 e5 7.O-O Qe8 8.d5 Nfd7
9.Nb5 Na6 10.Be3 f5 11.exf5 gxf5 12.Bxa7 Qg6 13.g3 c6 14.dxc6 bxc6 15.Nh4 Qf6
16.Be3 f4 17.Nxd6 fxe3 18.fxe3 Qg5 19.Qd2 Nf6 20.Nf3 Qh5 21.Nd4 Ng4 22.Rxf8+ Bxf8
23.Bxg4 Bxg4 24.Nxc6 Nc7 25.Rf1 Bh3 26.Ne4 Qg6 27.Nf6+  1-0

[Event "POR-chT"]
[Site "Lisboa"]
[Date "1998.05.10"]
[Round "5"]
[White "Pinho, Paulo"]
[Black "Strikovic, Aleksa"]
[Result "0-1"]
[WhiteElo "2150"]
[BlackElo "2565"]

1.d4 g6 2.c4 Bg7 3.e4 d6 4.Nc3 Nf6 5.Nf3 O-O 6.Be2 e5 7.O-O Na6 8.Rb1 c6
9.b4 exd4 10.Nxd4 Re8 11.f3 Nxb4 12.Rxb4 c5 13.Rb3 cxd4 14.Nb5 a6 15.Nxd4 Nd7
16.Rb1 Nc5 17.Bb2 Be5 18.Nb3 Na4 19.Bxe5 dxe5 20.Qe1 Qc7 21.Qb4 Bd7 22.Rfc1 b6
23.Na1 a5 24.Qa3 f5 25.c5 Nxc5 26.Qb3+ Be6 27.Qxb6 Rac8 28.exf5 gxf5 29.Qxc7 Rxc7
30.Rb5 Rec8 31.Rxa5 e4 32.Rd1 e3 33.g3 f4 34.Kg2 Rb8 35.Rc1 Rbc8 36.Bc4 Bxc4
37.Rxc4 Nd3 38.Rxc7 Rxc7 39.Kf1 Rc1+ 40.Ke2 Nf2 41.gxf4 Rxa1 42.Kxe3 Nd1+
43.Kd2 Kg7 44.a4 Nb2 45.Kc3 Nd1+ 46.Kd2 Kh6 47.Ra7 Nb2 48.Kc3 Nxa4+ 49.Kb4 Rb1+
50.Kc4 Nb6+ 51.Kd4 Nd7 52.Ke4 Rd1 53.Kf5 Rd6 54.Ra1 Kg7 55.Re1 Rf6+ 56.Kg5 h6+
57.Kg4 Kg6 58.Rd1 h5+ 59.Kg3 Nc5 60.Ra1 Ne6 61.Ra4 Ng7 62.Kf2 Nf5 63.Ra2 Rc6
64.Rb2 Kf6 65.Ke2 Nd4+ 66.Ke3 Rc2 67.Rb6+ Ne6 68.h4 Rc3+ 69.Ke4 Rc4+ 70.Ke3 Kf5
71.Kd3 Rc5 72.Rb8 Nxf4+ 73.Ke3 Re5+ 74.Kd4 Ne6+ 75.Kd3 Kf4  0-1

[Event "Boca Juniors op"]
[Site "Buenos Aires"]
[Date "1998.05.11"]
[Round "5"]
[White "Barria, Daniel"]
[Black "Flores, Diego"]
[Result "1-0"]
[WhiteElo "2365"]
[BlackElo "2160"]

1.d4 Nf6 2.c4 g6 3.Nc3 Bg7 4.e4 d6 5.Nf3 O-O 6.Be2 e5 7.d5 a5 8.Bg5 h6 9.Bh4 g5
10.Bg3 Nh5 11.h4 Nf4 12.hxg5 hxg5 13.Qc2 Qf6 14.Bxf4 Qxf4 15.g3 Qf6 16.Qd2 Bg4
17.Nxg5 Bxe2 18.Kxe2 Qg6 19.Nf3 f5 20.Qg5 Qxg5 21.Nxg5 Na6 22.Ne6 Rf7 23.Rh5 c6
24.exf5 Rc8 25.Rah1  1-0

[Event "Toronto op"]
[Site "Toronto"]
[Date "1998.05.18"]
[Round "9"]
[White "Gurevich, Dmitry"]
[Black "Kapetanovic, Armin"]
[Result "1-0"]
[WhiteElo "2540"]
[BlackElo "2465"]

1.Nf3 Nf6 2.c4 g6 3.Nc3 Bg7 4.e4 O-O 5.d4 d6 6.Be2 e5 7.O-O Nbd7 8.Be3 c6
9.d5 c5 10.g3 Ne8 11.Qc2 Ndf6 12.Nh4 Bh3 13.Ng2 Nd7 14.f3 f5 15.exf5 gxf5
16.Bd3 Nc7 17.Rf2 Qe7 18.Kh1 Rf7 19.Re1 Kh8 20.Bd2 Raf8 21.Nf4 exf4 22.Rxe7 Rxe7
23.Ne2  1-0

[Event "Capablanca mem 33th Elite"]
[Site "Havana"]
[Date "1998.05.22"]
[Round "11"]
[White "Zilberman, Yaacov"]
[Black "Becerra Rivero, Julio"]
[Result "1-0"]
[WhiteElo "2555"]
[BlackElo "2465"]

1.d4 Nf6 2.c4 g6 3.Nc3 Bg7 4.e4 d6 5.Be2 O-O 6.Nf3 e5 7.d5 a5 8.Bg5 h6 9.Bh4 Na6
10.Nd2 Qe8 11.a3 Bd7 12.b3 Nh7 13.Rb1 h5 14.f3 Bh6 15.Bf2 Qe7 16.h4 Nc5 17.Qc2 f5
18.b4 axb4 19.axb4 Na4 20.Nb5 c6 21.Nc7 Rac8 22.Ne6 cxd5 23.Nxf8 Nxf8 24.exd5 e4
25.Bd4 e3 26.Nb3 Be8 27.Na5 Bf4 28.Ra1 Bg3+ 29.Kd1 Be5 30.Bxe5 Qxe5 31.Rxa4 Bxa4
32.Qxa4 Qd4+ 33.Ke1 Qc3+ 34.Kf1 b6 35.Nb3 Qc2 36.g3 Rxc4 37.Qa1 Rxb4 38.Nd4 Qd2
39.Ne6 Nxe6 40.dxe6 Qc2 41.e7 Kf7 42.Qa6 Rb2 43.Rh2 Kxe7 44.Kg1 Qd2 45.Rg2 Qe1+
46.Kh2 f4 47.Qd3 Kd7 48.Kh3 Qh1+ 49.Rh2 Qg1 50.gxf4 b5 51.Qd5 Kc7 52.Qd1 Qxd1
53.Bxd1 Rb1 54.Bc2 Rb2 55.Rg2 d5 56.Bd3 Rb4 57.Kg3 d4 58.Bxg6 Kd6 59.Bc2 Rb2
60.f5 b4 61.Bd3 Rb3 62.Bc2 Rc3 63.Bd1 Ke5 64.f6 Kxf6 65.Kf4 Rc1 66.Bc2 Rf1
67.Bd3 Rh1 68.Rg6+ Kf7 69.Rb6 Rxh4+ 70.Kg3 Rh1 71.Rxb4 h4+ 72.Kg2 Rd1 73.Rxd4 Rd2+
74.Kh3 Rf2 75.Kg4  1-0

[Event "Internet"]
[Site "ICC Moscow-Tel Aviv"]
[Date "1998.05.26"]
[Round "2"]
[White "Naer, Eugeni"]
[Black "Har Zvi, Ronen"]
[Result "0-1"]
[WhiteElo "2455"]
[BlackElo "2510"]

1.d4 Nf6 2.c4 g6 3.Nc3 Bg7 4.e4 d6 5.Nf3 O-O 6.Be2 e5 7.O-O Na6 8.Be3 c6
9.Re1 Qe8 10.d5 c5 11.Nd2 Nd7 12.a3 Qe7 13.Qc2 f5 14.exf5 gxf5 15.f4 exf4
16.Bxf4 Ne5 17.Kh1 Bd7 18.g3 Qf7 19.Rf1 Nc7 20.Nf3 Rae8 21.Rae1 a6 22.a4 b5
23.axb5 axb5 24.Ng5 Qg6 25.cxb5 Rb8 26.Ra1 h6 27.Ra7 hxg5 28.Bxe5 dxe5 29.Rxc7 Qd6
30.Bc4 Kh8 31.Ra7 e4 32.Qg2 g4 33.Rfa1 Bc8 34.Qd2 Bh6 35.Qc2 Bb7 36.Rf1 Qe5
37.Ne2 Bxd5 38.Bxd5 Qxd5 39.Qc3+ Kg8 40.Nf4 Qd4 41.Ne6 Qxc3 42.bxc3 Rfe8
43.Nc7 Re7 44.Rfa1 e3 45.Ra8 Rxa8 46.Ra2 Rxa2  0-1

[Event "Warsaw-ch"]
[Site "Warsaw"]
[Date "1998.05.27"]
[Round "5"]
[White "Ehrenfeucht, Wojciech"]
[Black "Kolosowski, Pawel"]
[Result "1/2-1/2"]
[WhiteElo "2340"]
[BlackElo "2160"]

1.Nf3 Nf6 2.c4 g6 3.Nc3 Bg7 4.e4 d6 5.Be2 O-O 6.O-O e5 7.d4 Na6 8.Re1 c6
9.Rb1 Qe7 10.Bf1 Nh5 11.b4 Bg4 12.d5 c5 13.b5 Nb8 14.h3 Bxf3 15.Qxf3 Nd7
16.g3 Kh8 17.Bd3 Rae8 18.Bd2 Rg8 19.Rb3 Ra8 20.Ne2 Rgf8 21.g4 Nhf6 22.Ng3 Ng8
23.Kh2 Bf6 24.Rg1 Bg5 25.Bc3 h6 26.Rbb1 Kh7 27.Kg2 Rab8 28.a4 Rbe8 29.Rh1 Bh4
30.Rbe1 Qg5 31.Re2 Qf4 32.Nf1 Qxf3+ 33.Kxf3 Ne7 34.Ne3 Bg5 35.h4 Bxe3 36.Rxe3 f6
37.Kg3 Nb6 38.a5 Nd7 39.f4 exf4+ 40.Kxf4 Ne5 41.Kg3 Ng8 42.Be2 Kg7 43.Rf1 Re7
44.Kh3 Rfe8 45.Rg3 Rf8 46.Rg2 Rff7 47.Rgf2 g5 48.h5  1/2-1/2

[Event "Warsaw-ch"]
[Site "Warsaw"]
[Date "1998.05.27"]
[Round "5"]
[White "Barwinski, Dionizy"]
[Black "Godlewski, Artur"]
[Result "1-0"]
[WhiteElo "2190"]
[BlackElo "2195"]

1.d4 Nf6 2.c4 g6 3.Nc3 Bg7 4.e4 d6 5.Be2 O-O 6.Nf3 e5 7.d5 Nbd7 8.O-O h6
9.Re1 Ne8 10.Nd2 f5 11.b4 Nef6 12.Qc2 f4 13.Nb3 Rf7 14.c5 Nf8 15.b5 g5 16.Ba3 Ng6
17.Nd2 Bf8 18.cxd6 cxd6 19.Nc4 g4 20.Bf1 h5 21.Rab1 Nh7 22.Rb3 Ng5 23.Nd1 f3
24.g3 h4 25.Rc3 hxg3 26.fxg3 f2+ 27.Nxf2 Nf3+ 28.Rxf3 gxf3 29.Re3 b6 30.Rc3 a6
31.Nxd6 Bxd6 32.Bxd6 axb5 33.Bc7 Qe8 34.Bxb6 Bd7 35.Qb3 Qb8 36.Bc5 Kg7 37.a3 b4
38.axb4 Ra1 39.Rxf3 Rxf3 40.Qxf3 Qb5 41.Nd1 Qa4 42.Ne3 Bb5 43.h4 Qa6 44.h5 Be2
45.Qf5 Bxf1 46.Nxf1 Nf4 47.Qxe5+  1-0

[Event "Garcia mem Masters"]
[Site "Santa Clara"]
[Date "1998.05.28"]
[Round "4"]
[White "Alvarez, Jose Luis"]
[Black "Rohl, Juan"]
[Result "1/2-1/2"]
[WhiteElo "2395"]
[BlackElo "2375"]

1.Nf3 Nf6 2.c4 g6 3.Nc3 Bg7 4.e4 d6 5.d4 O-O 6.Be2 e5 7.d5 a5 8.Bg5 h6 9.Bh4 Na6
10.Nd2 Bd7 11.O-O Qe8 12.Kh1 Nh7 13.a3 Bf6 14.Bxf6 Nxf6 15.b3 Qe7 16.Qc2 h5
17.Qb2 Ng4 18.f3 Nf6 19.Nd1 h4 20.f4 Nc5 21.fxe5 Nfxe4 22.Nxe4 Nxe4 23.Bf3 Ng5
24.exd6 cxd6 25.h3 Rfe8 26.Qf2 Nxf3 27.Qxf3 Bf5 28.Nf2 Qe3 29.Ng4 Qxf3 30.Nf6+ Kf8
31.Rxf3 Re2  1/2-1/2

[Event "Hamburg-chI"]
[Site "Hamburg"]
[Date "1998.06.01"]
[Round "4"]
[White "Lamprecht, Frank"]
[Black "Kempinski, Robert"]
[Result "0-1"]
[WhiteElo "2395"]
[BlackElo "2520"]

1.d4 Nf6 2.Nf3 g6 3.c4 Bg7 4.Nc3 O-O 5.e4 d6 6.Be2 Na6 7.O-O e5 8.Re1 c6
9.Bf1 Bg4 10.d5 Nb4 11.Be2 a5 12.h3 Bc8 13.a3 Na6 14.b4 c5 15.bxa5 Qxa5 16.Bf1 Ne8
17.Nb5 Qd8 18.Rb1 Qe7 19.Rb3 Nac7 20.Nxc7 Qxc7 21.Bd3 Bd7 22.Rb1 Nf6 23.Qb3 Bc8
24.Bf1 Kh8 25.Nh2 Ra6 26.g3 Qa5 27.Qd1 Ng8 28.Rb5 Qd8 29.Rb3 Rb6 30.Rxb6 Qxb6
31.Re3 Ne7 32.Rb3 Qd8 33.Rb1 Ng8 34.Bg2 Re8 35.Bd2 Bh6 36.Bc3 Qe7 37.Ng4 Bg7
38.f3 h5 39.Nf2 Qg5 40.Kh2 h4 41.g4 Bh6 42.Nd3 Kh7 43.Qc1 Qe7 44.Bd2 Bxd2
45.Qxd2 Nf6 46.Rf1 Kg7 47.Qb2 Kg8 48.Rf2 Nh7 49.Bf1 Qc7 50.Ne1 Bd7 51.Ng2 g5
52.Qb3 Ra8 53.Rb2 Bc8 54.Qc3 Nf8 55.Be2 Ng6 56.Bd1 Kf8 57.Qe3 Qd8 58.Rb5 Kg7
59.Qc3 Qc7 60.Qe3 Kf6 61.Qc3 Bd7 62.Rb1 Ra6 63.Be2 Qb8 64.Qc1 Qa7 65.Rb3 Rb6
66.Qb2 Rxb3 67.Qxb3 Ke7 68.Qe3 f6 69.Qc3 Qb6 70.Bd3 Kd8 71.Kg1 Ba4 72.Bc2 Bxc2
73.Qxc2 Qa5 74.Qb3 Kc7 75.Kf1 Qd2 76.Qa4 Nf8 77.Qb3 Nd7 78.Ne3 Nb6 79.a4 Qa5
80.Qb5 Qxa4 81.Qxa4 Nxa4 82.Ke2 b5 83.Kd2 bxc4 84.Nxc4 Nb6 85.Ne3 Nd7 86.Nf5 Nf8
87.Ne7 Kd8 88.Ng8 Ng6 89.Nxf6 Nf4  0-1

[Event "Sarajevo Bosnia"]
[Site "Sarajevo"]
[Date "1998.06.01"]
[Round "4"]
[White "Piket, Jeroen"]
[Black "Kozul, Zdenko"]
[Result "1/2-1/2"]
[WhiteElo "2575"]
[BlackElo "2585"]

1.d4 Nf6 2.c4 g6 3.Nc3 Bg7 4.e4 d6 5.Nf3 O-O 6.Be2 e5 7.O-O Nbd7 8.Be3 h6
9.dxe5 dxe5 10.Nd2 Nh7 11.c5 Ng5 12.b4 Nf6 13.a4 c6 14.b5 Qe7 15.a5 Ne6 16.bxc6 bxc6
17.Qa4 Nd4 18.Rfc1 Nxe2+ 19.Nxe2 Ba6 20.Nc3 Qe6 21.h3 Rfb8 22.Na2 Bb5 23.Qc2 Bf8
24.Nb4 Rb7 25.a6 Rd7 26.Nb1 Ne8 27.Nc3 Bc4 28.Nb1 Bb5 29.Na3 Nc7 30.Nxb5 Nxb5
31.Qa2 Qf6 32.Qa4 Rc8 33.Nd5 cxd5 34.Qxb5 Qc6 35.Qxc6 Rxc6 36.exd5 Rxd5 37.Rab1 f5
38.f3 Rd3 39.Bf2 Ra3 40.Re1 Rcxa6 41.Rxe5 Ra1 42.Ree1  1/2-1/2

[Event "Hamburg-chI"]
[Site "Hamburg"]
[Date "1998.06.02"]
[Round "5"]
[White "Pelletier, Yannick"]
[Black "Rakow, Thorben"]
[Result "1/2-1/2"]
[WhiteElo "2515"]
[BlackElo "2070"]

1.Nf3 Nf6 2.c4 g6 3.Nc3 Bg7 4.d4 d6 5.e4 O-O 6.Be2 e5 7.O-O Nbd7 8.Be3 Ng4
9.Bg5 f6 10.Bd2 Nh6 11.Qc2 c6 12.Rad1 Qe7 13.Bc1 Nf7 14.b4 Ng5 15.Rfe1 Nxf3+
16.Bxf3 exd4 17.Rxd4 f5 18.Rdd1 Ne5 19.Be2 f4 20.f3 g5  1/2-1/2

[Event "Garcia mem Masters"]
[Site "Santa Clara"]
[Date "1998.06.02"]
[Round "8"]
[White "Alvarez, Jose Luis"]
[Black "De la Paz, Frank"]
[Result "1/2-1/2"]
[WhiteElo "2395"]
[BlackElo "2325"]

1.Nf3 Nf6 2.c4 g6 3.Nc3 Bg7 4.e4 d6 5.d4 O-O 6.Be2 e5 7.d5 Na6 8.Nd2 c6 9.O-O cxd5
10.cxd5 Bd7 11.Nb3 Ne8 12.Be3 f5 13.exf5 gxf5 14.f4 Kh8 15.Qd2 Nf6 16.Rae1 Rg8
17.Kh1 Nc7 18.Na5 Bc8 19.Nc4 e4 20.b4 Qd7 21.Rg1 b6 22.Bd4 Bb7 23.Ne3 Raf8
24.a4  1/2-1/2

[Event "Hamburg-chI"]
[Site "Hamburg"]
[Date "1998.06.03"]
[Round "6"]
[White "Lukacs, Peter"]
[Black "Mowsziszian, Karen"]
[Result "0-1"]
[WhiteElo "2515"]
[BlackElo "2500"]

1.d4 g6 2.c4 Bg7 3.e4 d6 4.Nc3 Nf6 5.Nf3 O-O 6.Be2 e5 7.O-O Na6 8.Be3 Ng4
9.Bg5 Qe8 10.dxe5 dxe5 11.h3 Nf6 12.Be3 Nh5 13.Re1 c6 14.a3 Nf4 15.Bf1 Qe7
16.b4 Qf6 17.Ra2 Rd8 18.Rd2 Rxd2 19.Qxd2 Be6 20.Rd1 h6 21.Nh2 Nc7 22.Na4 b6
23.Kh1 Rc8 24.Nb2 Bf8 25.Qc3 Ne8 26.c5 b5 27.Rd2 Bg7 28.a4 a6 29.Qa3 Qe7
30.Nf3 g5 31.Nd1 Qf6 32.Nh2 h5 33.axb5 axb5 34.Nc3 Qe7 35.Ne2 Nf6 36.Nc3 Qb7
37.Qc1 Nh7 38.Qd1 Qe7 39.g3 h4 40.g4 Nf8 41.Nf3 N8g6 42.Kh2 Bf6 43.Qa1 Qb7
44.Ne1 Ra8 45.Qc1 Ra6 46.Nc2 Bb3 47.Qb1 Bxc2 48.Rxc2 Ne6 49.Ra2 Nd4 50.Rxa6 Qxa6
51.Qa2 Qc8 52.Kh1 Nf4 53.Nb1 Qd7 54.Nd2 Kg7 55.Kh2 Bd8 56.Kh1 Bc7 57.Kh2 Qe7
58.Kh1 Qf6 59.Kh2 Nfe6 60.Kg2 Kf8 61.Qa8+ Kg7 62.Qa2 Qd8 63.Kh1 Bb8 64.Qb1 Qc7
65.Qa2 Kf8 66.Kg1 Ke7 67.Kh1 Qc8 68.Kh2 f6 69.Kh1 Nc7 70.f3 Qa6 71.Qb1 Nce6
72.Bd3 Qa3 73.Kg2 Qc3 74.Kf2 Nf4 75.Bxf4 exf4 76.Nf1 Be5 77.Kg2 Kf8 78.Nh2 Nb3
79.Bc2 Qd2+ 80.Kh1 Nc1 81.Nf1 Qe1 82.Bd3 Bd4  0-1

[Event "Sarajevo Bosnia"]
[Site "Sarajevo"]
[Date "1998.06.03"]
[Round "6"]
[White "Lputian, Smbat G"]
[Black "Kozul, Zdenko"]
[Result "1/2-1/2"]
[WhiteElo "2610"]
[BlackElo "2585"]

1.d4 Nf6 2.c4 g6 3.Nc3 Bg7 4.e4 d6 5.Nf3 O-O 6.Be2 e5 7.O-O Na6 8.Be3 Qe8
9.dxe5 dxe5 10.h3 b6 11.a3 Bb7 12.Qc2 Nc5 13.Bxc5 bxc5 14.Nd5 Rb8 15.Rfb1 Qd8
16.b4 Nd7 17.Ne1 c6 18.Nc3 Qc7 19.Nd3 Rfd8 20.Bg4 Bf8 21.Bxd7 Qxd7 22.Rd1 Qe6
23.Na4 cxb4 24.axb4 Bc8 25.Nac5 Qf6 26.Qc3 Rd4 27.Nxe5 Rxd1+ 28.Rxd1 a5 29.Qg3 Rxb4
30.Ncd7 Bxd7 31.Nxd7 Qe6 32.Nxf8 Kxf8 33.Qc3 f6 34.Qe3 Rb7 35.c5 Rd7 36.Rxd7 Qxd7
37.Qc3 Qd1+ 38.Kh2 Qd8 39.Qb3 Qc8 40.g3 Kg7 41.Qb6 Qe6  1/2-1/2

[Event "RSA-ch"]
[Site "Bruma Lake"]
[Date "1998.06.05"]
[Round "9"]
[White "Solomon, Kenny"]
[Black "De Villiers, Charles"]
[Result "0-1"]
[WhiteElo "2240"]
[BlackElo "2350"]

1.d4 Nf6 2.c4 g6 3.Nc3 Bg7 4.e4 O-O 5.Be2 d6 6.Nf3 e5 7.O-O Na6 8.Be3 Qe8
9.dxe5 dxe5 10.Nd2 c6 11.a3 Qe7 12.b4 Rd8 13.c5 Nc7 14.Qb1 Ne6 15.Rd1 Nd4
16.f3 Be6 17.Bf1 Nh5 18.Ne2 a5 19.Bxd4 exd4 20.Qd3 Qg5 21.Kh1 Qe3 22.Nb1 axb4
23.g4 Qxd3 24.Rxd3 Bc4 25.Nc1 Nf4 26.a4 b3 27.Ra3 b2  0-1

[Event "Garcia mem Masters"]
[Site "Santa Clara"]
[Date "1998.06.05"]
[Round "10"]
[White "Alvarez, Jose Luis"]
[Black "Gamboa, Nelson"]
[Result "1-0"]
[WhiteElo "2395"]
[BlackElo "2405"]

1.Nf3 Nf6 2.c4 g6 3.Nc3 Bg7 4.e4 O-O 5.d4 d6 6.Be2 e5 7.d5 a5 8.Bg5 h6 9.Bh4 Na6
10.Nd2 Nc5 11.O-O Bd7 12.Re1 Qc8 13.b3 Kh7 14.a3 g5 15.Bg3 h5 16.f3 Bh6 17.b4 axb4
18.axb4 Rxa1 19.Qxa1 g4 20.Qb2 Na6 21.Nf1 gxf3 22.Bxf3 Bg4 23.Bxg4 Qxg4 24.Ne3 Bxe3+
25.Rxe3 Rg8 26.h3 Qg6 27.Bh4 Rg7 28.Qf2 Ng8 29.Rg3 Qh6 30.Qf5+ Kh8 31.Rg5 Ne7
32.Qf6 Ng6 33.Ne2 Kh7 34.Ng3 Nxh4 35.Rxh5  1-0

[Event "Garcia mem Premier"]
[Site "Santa Clara"]
[Date "1998.06.06"]
[Round "11"]
[White "Nogueiras, Jesus"]
[Black "Vazquez, Renier"]
[Result "1/2-1/2"]
[WhiteElo "2520"]
[BlackElo "2405"]

1.d4 Nf6 2.c4 g6 3.Nc3 Bg7 4.e4 d6 5.Nf3 O-O 6.Be2 e5 7.dxe5 dxe5 8.Qxd8 Rxd8
9.Bg5 Nbd7 10.O-O-O Rf8 11.Ne1 c6 12.Nc2 Nc5 13.f3 Ne6 14.Be3  1/2-1/2

[Event "Sigeman & Co"]
[Site "Malmo"]
[Date "1998.06.12"]
[Round "4"]
[White "Degerman, Lars"]
[Black "Cramling, Pia"]
[Result "1/2-1/2"]
[WhiteElo "2490"]
[BlackElo "2535"]

1.Nf3 Nf6 2.c4 g6 3.Nc3 Bg7 4.e4 d6 5.d4 O-O 6.Be2 e5 7.O-O Na6 8.Bg5 Qe8
9.Bxf6 Bxf6 10.c5 Nb4 11.dxe5 dxe5 12.Qb3 a5 13.a3 Nc6 14.Nd5 Bd8 15.h3 Nd4
16.Nxd4 exd4 17.Rad1 c6 18.Nb6 Bxb6 19.Qxb6 Qxe4 20.Rfe1 Qf4 21.Bf1 Be6 22.Qxb7 Rab8
23.Qxc6 Rxb2 24.Re2 Rxe2 25.Bxe2 Bb3 26.Rf1 Qe5 27.Bd3 Bd5 28.Qd7 Be6 29.Qb5 Rb8
30.Qxa5 Rb3 31.Re1 Qg5 32.Bf1  1/2-1/2

[Event "Budapest FS06 IM"]
[Site "Budapest"]
[Date "1998.06.14"]
[Round "9"]
[White "Kahn, Evarth"]
[Black "Jamrich, Gyorgy"]
[Result "1/2-1/2"]
[WhiteElo "2330"]
[BlackElo "2275"]

1.d4 Nf6 2.c4 g6 3.Nc3 Bg7 4.e4 d6 5.Nf3 O-O 6.Be2 e5 7.dxe5 dxe5 8.Qxd8 Rxd8
9.Bg5 Nbd7 10.O-O-O Rf8 11.Nd5 c6 12.Ne7+ Kh8 13.Nxc8 Raxc8 14.Bxf6 Nxf6  1/2-1/2

[Event "Sigeman & Co"]
[Site "Malmo"]
[Date "1998.06.15"]
[Round "7"]
[White "Sokolov, Ivan"]
[Black "Cramling, Pia"]
[Result "1/2-1/2"]
[WhiteElo "2625"]
[BlackElo "2535"]

1.d4 Nf6 2.c4 g6 3.Nc3 Bg7 4.e4 d6 5.Be2 O-O 6.Nf3 e5 7.O-O Na6 8.Re1 c6
9.Bf1 Bg4 10.d5 c5 11.a3 Kh8 12.Rb1 Ng8 13.h3 Bd7 14.b4 Bh6 15.Bb2 f6 16.Ba1 Qe7
17.Bd3 Rfc8 18.Bc2 Qe8 19.Qe2 Bf8 20.Nh2 Nh6 21.Nb5 Nf7 22.Ng4 Bg7 23.Ne3 Bh6
24.Bd3 Qe7 25.h4 Be8 26.g3 Nb8 27.Kg2 Nd7 28.Rh1 a6 29.Nc3 Kg8 30.h5 Bg7
31.hxg6 hxg6 32.Rh4 cxb4 33.axb4 a5 34.bxa5 Nc5 35.Bc2 Rxa5 36.Qg4 Rca8 37.Bb2 Ng5
38.Rbh1 Bd7 39.Qe2 Re8 40.Ng4 Kf7 41.Bc1 Kg8 42.Bd2 Ra3 43.Nb5 Ra2 44.Bb1 Rb2
45.Qd1 Bxb5 46.cxb5 Rc8 47.Qc1  1/2-1/2

[Event "Voronezh op"]
[Site "Voronezh"]
[Date "1998.06.15"]
[Round "4"]
[White "Gulkov, Igor A"]
[Black "Shestoperov, Aleksej"]
[Result "1/2-1/2"]
[WhiteElo "2230"]
[BlackElo "2415"]

1.Nf3 Nf6 2.c4 g6 3.Nc3 Bg7 4.e4 d6 5.d4 O-O 6.Be2 e5 7.O-O Na6 8.Re1 Nh5
9.Bf1 Bg4 10.d5 f5 11.exf5 Rxf5 12.Be2 Nf4 13.Bxf4 Rxf4 14.Nd2 Bd7 15.Nde4 Qe7
16.g3 Rf7 17.Bf1 b6 18.Bg2 Nc5 19.b4 Nxe4 20.Nxe4 a5 21.a3  1/2-1/2

[Event "Budapest FS06 IM"]
[Site "Budapest"]
[Date "1998.06.16"]
[Round "11"]
[White "Kahn, Evarth"]
[Black "Horvath, Gabor"]
[Result "1/2-1/2"]
[WhiteElo "2330"]
[BlackElo "2245"]

1.d4 Nf6 2.c4 g6 3.Nc3 Bg7 4.e4 d6 5.Nf3 O-O 6.Be2 e5 7.dxe5 dxe5 8.Qxd8 Rxd8
9.Bg5 c6 10.Nxe5 Re8 11.f4 h6 12.Bh4 g5 13.fxg5 hxg5 14.Bg3 Nbd7 15.Nxd7 Bxd7  1/2-1/2

[Event "Budapest FS06 GM"]
[Site "Budapest"]
[Date "1998.06.16"]
[Round "11"]
[White "Roeder, Mathias"]
[Black "Lorscheid, Gerhard"]
[Result "0-1"]
[WhiteElo "2435"]
[BlackElo "2315"]

1.d4 Nf6 2.c4 g6 3.Nc3 Bg7 4.e4 d6 5.Be2 O-O 6.Nf3 e5 7.dxe5 dxe5 8.Qxd8 Rxd8
9.Nd5 Nxd5 10.cxd5 c6 11.Bc4 b5 12.Bg5 Re8 13.Bb3 Bb7 14.Rc1 a5 15.a4 Rc8
16.O-O Nd7 17.dxc6 Bxc6 18.Rxc6 Rxc6 19.Bd5 Rcc8 20.Bxa8 Rxa8 21.axb5 Nc5
22.b6 Nd7 23.Be3 Rb8 24.Rd1 Nxb6 25.b3 f6 26.Rd6 Nc4 27.Rc6 Nxe3 28.fxe3 Rxb3
29.Rc8+ Kf7 30.Rc7+ Kg8 31.Rc8+ Bf8 32.Kf2 Rb2+ 33.Kg3 a4 34.Ra8 a3 35.h4 h5
36.Nh2 a2 37.Kf3 Kf7 38.Ra6 Bc5 39.Ra4 f5 40.exf5 gxf5 41.e4 Rb3+  0-1